| 000 | 01706nam a2200229 4500 | ||
|---|---|---|---|
| 001 | 5978 | ||
| 010 | _a9789895553693 | ||
| 021 | _b293627/09 | ||
| 090 | _a5978 | ||
| 100 | _a20211231d2009 m||y0pory5003 ba | ||
| 200 | 1 |
_aA vida secreta de uma mãe desleixada _fFiona Neill _gtrad. Mariana Avelãs |
|
| 210 | 9 |
_aAlfragide _cOficina do Livro _d2009 |
|
| 215 | _a359 p. | ||
| 304 | _aTít. orig.: The secret life of a slummy mummy | ||
| 330 | _aPara Lucy Sweeney, ser mãe não passa propriamente por aulas de ioga e artigos estampados com marcas infantis. Há anos que a pilha de roupa para lavar não tem menos de um metro de altura, há meses que não se lembra sequer do que é ter sexo com o marido, mas só passou uma uma semana desde a última vez que levou os filhos à escola... de pijama. Quando Lucy decidiu abdicar da sua carreira profissional para se dedicar à de mãe/esposa/dona de casa, não contava com as surpresas que a vida doméstica reservava. O que lhe parecera uma decisão acertada começava a ganhar contornos de «o que é que eu fui fazer? Quero o meu horário das nove às cinco de volta!» Nada a fazer: esta era a nova vida de Lucy e tinha muito pouco de idílico. Escrito com um humor irresistível, A Vida Secreta de Uma Mãe Desleixada é um romance sobre os dilemas da maternidade e do casamento. Um retrato de uma sinceridade invulgar e inteligente sobre o que implica ser mãe, mulher, amante e amiga sem nunca perder a capacidade de rir. | ||
| 606 |
_913 _aLiteratura Estrangeira |
||
| 675 |
_a821.111-31"20" _vBN _zpor |
||
| 700 |
_aNeill _bFiona _95657 _f1966- |
||
| 702 |
_aAvelãs _bMariana _95658 |
||
| 801 | 0 |
_aPT _bBMVN _gRPC |
|
| 830 |
_cInês Silva _d31/12/2021 |
||
| 990 | _cLIVROS | ||